[Event "Challenge"]
[Site "http://www.queenalice.com/game.php?id=183694"]
[Date "2007.3.17"]
[Round "-"]
[White "paku"]
[Black "fabianocsk"]
[Result "1-0"]
[WhiteElo "1352"]
[BlackElo "1107"]

1. e4 c5 2. Nc3 e5 3. Nf3 Nc6 4. Nd5 h5 5. d3 Nb4 6. Nxe5 d6 7. Nxf7 Kxf7 8.
Qf3+ Nf6 9. Nxb4 cxb4 10. b3 Qc7 11. e5 dxe5 12. d4 exd4 13. Bc4+ Ke8 14. Bb5+
Kd8 15. O-O Bg4 16. Qd3 Qe5 17. c3 Be2 18. cxd4 Qe4 19. Qxe2 a6 20. Bd3 Qxd4 21.
Rd1 a5 22. Be4 Nxe4 23. Rxd4+ Kc8 24. Qxe4 Bc5 25. Rc4 Rd8 26. Rxc5+ Kd7 27. Bg5
Re8 28. Rd1# 1-0

[Event "Challenge"]
[Site "http://www.queenalice.com/game.php?id=183703"]
[Date "2007.3.17"]
[Round "-"]
[White "scalanguin"]
[Black "fabianocsk"]
[Result "1-0"]
[WhiteElo "1418"]
[BlackElo "1124"]

1. e4 h5 2. d4 c6 3. c4 g6 4. Nf3 e6 5. Nc3 Na6 6. d5 Nf6 7. Bg5 Bb4 8. e5 Bxc3+
9. bxc3 Qa5 10. Bxf6 Qxc3+ 11. Nd2 Nc5 12. Bxh8 b5 13. cxb5 Qxe5+ 14. Bxe5 cxd5
15. Be2 a6 16. O-O axb5 17. Bxb5 f5 18. Nb3 Ne4 19. f3 Nc3 20. Bxc3 Rb8 21. Ba6
Bxa6 22. Be5 Rb4 23. Qd2 Rc4 24. Rfc1 Ra4 25. Nc5 Ra3 26. Nxa6 Rxa6 27. Qh6 d6
28. Qg7 dxe5 29. Rc8# 1-0

[Event "Challenge"]
[Site "http://www.queenalice.com/game.php?id=186561"]
[Date "2007.3.23"]
[Round "-"]
[White "gamnascimento"]
[Black "fabianocsk"]
[Result "1-0"]
[WhiteElo "1202"]
[BlackElo "1151"]

1. e4 a5 2. e5 e6 3. a4 h5 4. d4 d6 5. Bb5+ c6 6. Bd3 c5 7. exd6 cxd4 8. Bb5+
Bd7 9. Kf1 e5 10. Nf3 Nf6 11. Nxe5 Bxd6 12. Qxd4 Qc7 13. Nc3 Bxe5 14. Qe3 Qc4+
15. Kg1 Nd5 16. Qxe5+ Kd8 17. Qxd5 Qc7 18. Qxf7 g5 19. Bxg5+ Kc8 20. Nd5 Qxc2
21. Nb6+ Kc7 22. Nxa8+ Kd6 23. Rf1 Qf5 24. Qf6+ Be6 25. Qxh8 Bc8 26. Qxh5 Qe4
27. Qh8 Qe6 28. Bf4+ Kd5 29. Nc7+ Ke4 30. Nxe6 Bxe6 31. Qxb8 Kd5 32. Qxb7+ Kd4
33. Rd1+ Kc5 34. Qc6+ Kb4 35. Qc3# 1-0

[Event "Challenge"]
[Site "http://www.queenalice.com/game.php?id=188502"]
[Date "2007.3.27"]
[Round "-"]
[White "fabianocsk"]
[Black "benamocarra"]
[Result "0-1"]
[WhiteElo "1111"]
[BlackElo "1926"]

1. e4 c5 2. b3 Nc6 3. d3 e6 4. Nc3 d5 5. Nf3 d4 6. Nb5 Qa5+ 7. Bd2 Qxb5 8. c4
Qb6 9. Ng5 h6 10. Nf3 Bd6 11. a4 Nf6 12. h4 Bd7 13. a5 Qc7 14. g4 Nxg4 15. Rg1
h5 16. Ng5 f6 17. Nh3 O-O-O 18. f3 Ne3 19. Bxe3 dxe3 20. Rxg7 Nd4 21. f4 Bxf4
22. Rf7 Bg3+ 23. Nf2 Bxf2# 0-1

[Event "Topa o desafio?"]
[Site "http://www.queenalice.com/game.php?id=196839"]
[Date "2007.4.14"]
[Round "-"]
[White "fabianocsk"]
[Black "rodrigofortes"]
[Result "0-1"]
[WhiteElo "1109"]
[BlackElo "1382"]

1. e4 c5 2. Nc3 d5 3. exd5 Nf6 4. d4 cxd4 5. Qxd4 e6 6. Nb5 Qxd5 7. Bc4 e5 8.
Qd3 e4 9. Qd4 Qxd4 10. Nxd4 Bc5 11. Nf5 Bxf5 12. Bb5+ Nbd7 13. Bf4 Nd5 14. Bg5
Bb4+ 15. Kd1 Nf4 16. Bxf4 O-O 17. c3 g5 18. Bxg5 Bc5 19. h4 f6 20. Bh6 Be6 21.
b4 Bxf2 22. Ne2 Rfd8 23. Nf4 Bg4+ 24. Kd2 Nb6+ 25. Kc2 Rac8 26. Rhf1 e3 27. c4
a6 28. Bxa6 bxa6 29. a4 Nxc4 30. h5 Bf5+ 31. Kb3 Nd2+ 32. Kb2 Nxf1 33. Rxf1 Rd2+
34. Ka3 Rc3# 0-1

[Event "2º round"]
[Site "http://www.queenalice.com/game.php?id=198800"]
[Date "2007.4.18"]
[Round "-"]
[White "dany"]
[Black "fabianocsk"]
[Result "1-0"]
[WhiteElo "1176"]
[BlackElo "1134"]

1. e4 e5 2. Nf3 Qf6 3. Nc3 Bc5 4. Nd5 Qg6 5. d3 c6 6. Nxe5 Qe6 7. Nc7+ Kf8 8.
Nxe6+ fxe6 9. f3 d6 10. Ng4 Na6 11. Be3 Bb4+ 12. c3 Ba5 13. b4 Bd8 14. g3 Bf6
15. d4 h5 16. Nxf6 Nxf6 17. Bc4 b5 18. Bb3 c5 19. dxc5 dxc5 20. Qd8+ Kf7 21.
Qxh8 Nd7 22. Rd1 c4 23. Bc2 e5 24. Rf1 Nc7 25. f4 exf4 26. Bxf4 Ne6 27. Be3+ Ke7
28. e5 Bb7 29. Bf5 Rxh8 30. Rd6 Nef8 31. Bg5+ Kf7 32. Bg6+ Kg8 33. Bf7+ Kh7 34.
Rh6+ gxh6 35. Bf4 Nb6 36. e6 Na4 37. e7 Bc6 38. Kd2 Kg7 39. Be5+ Kh7 40. Bxh8
Kxh8 41. exf8=Q+ Kh7 42. Qg8# 1-0

[Event "Challenge"]
[Site "http://www.queenalice.com/game.php?id=201681"]
[Date "2007.4.24"]
[Round "-"]
[White "Barna"]
[Black "fabianocsk"]
[Result "0-1"]
[WhiteElo "1168"]
[BlackElo "1098"]

1. e4 d6 2. Nc3 h5 3. h4 g5 4. hxg5 e5 5. Rxh5 Bh6 6. gxh6 Nf6 7. Rh2 Nc6 8. Bd3
Bg4 9. Be2 Be6 10. d3 Nd4 11. Bg5 c5 12. Bxf6 Qxf6 13. Qd2 a5 14. h7 O-O-O 15.
Nd5 Qg7 16. Ne7+ Kd7 17. Nf5 Qg6 18. Nxd4 cxd4 19. Rh6 Qxg2 20. Nf3 f5 21. O-O-O
Bxa2 22. Rh2 Qg7 23. b3 fxe4 24. dxe4 Qg4 0-1

[Event "Challenge"]
[Site "http://www.queenalice.com/game.php?id=205849"]
[Date "2007.5.4"]
[Round "-"]
[White "MariaClara"]
[Black "fabianocsk"]
[Result "1-0"]
[WhiteElo "1387"]
[BlackElo "1117"]

1. e4 h5 2. d4 e6 3. Bc4 d6 4. Nh3 Rh6 5. O-O Rg6 6. Nf4 Rh6 7. Bb5+ c6 8. Ba4
h4 9. Nh3 Rg6 10. Bf4 Qa5 11. b3 Qc3 12. Nxc3 b5 13. e5 f6 14. Qh5 Ne7 15. exf6
gxf6 16. Bxd6 Na6 17. Nf4 bxa4 18. bxa4 Nf5 19. Qxg6+ Kd7 20. Bxf8 Rb8 21. Rab1
Bb7 22. Ne4 1-0

[Event "Challenge"]
[Site "http://www.queenalice.com/game.php?id=205957"]
[Date "2007.5.4"]
[Round "-"]
[White "Kzar"]
[Black "fabianocsk"]
[Result "1-0"]
[WhiteElo "1837"]
[BlackElo "1109"]

1. e4 e5 2. Nf3 d6 3. Bc4 c5 4. O-O h5 5. d3 Nf6 6. Bg5 Bg4 7. h3 h4 8. hxg4 h3
9. Nh2 Be7 10. Qf3 Nc6 11. a3 Nd4 12. Qd1 a5 13. Nc3 Qb6 14. Rb1 Rh4 15. Bxh4 a4
16. Bxf6 gxf6 17. Nd5 Qd8 18. c3 Ne6 19. Bb5+ Kf8 20. Qd2 Qa5 21. Qh6+ Ng7 22.
Qh8# 1-0

[Event "O Desafio"]
[Site "http://www.queenalice.com/game.php?id=212637"]
[Date "2007.5.18"]
[Round "-"]
[White "Nascimento"]
[Black "fabianocsk"]
[Result "1-0"]
[WhiteElo "1413"]
[BlackElo "1102"]

1. e4 e5 2. Nf3 Bc5 3. Nc3 Nh6 4. Bc4 Ng4 5. O-O h5 6. d3 h4 7. Bg5 f6 8. Bxh4
a5 9. h3 Nh6 10. g4 c6 11. d4 d5 12. Bb3 exd4 13. Na4 Bb4 14. Qxd4 Qd6 15. g5
Qf4 16. Qd3 dxe4 17. Qd4 Bd7 18. Rae1 Qxf3 19. Rxe4+ Kf8 20. Re3 Qf5 21. f4 c5
22. Qd6# 1-0

[Event "Challenge"]
[Site "http://www.queenalice.com/game.php?id=216188"]
[Date "2007.5.25"]
[Round "-"]
[White "Jorge"]
[Black "fabianocsk"]
[Result "1-0"]
[WhiteElo "1442"]
[BlackElo "1104"]

1. e4 e5 2. Nf3 d6 3. Bb5+ c6 4. Bc4 b5 5. O-O bxc4 6. c3 g5 7. d3 Ba6 8. Ne1 h5
9. d4 d5 10. exd5 cxd5 11. Qe2 e4 12. Nf3 g4 13. Ne5 f6 14. Ng6 Rh6 15. Nxf8 Rh8
16. Ng6 Rh7 17. Bf4 Rg7 18. Nh4 f5 19. Nxf5 Rf7 20. Nd6+ Ke7 21. Nxe4 Rxf4 22.
Nc5+ Kf8 23. Ne6+ Ke8 24. Nc7+ Kd7 25. Nxa8 Nf6 26. Qe5 Ne4 27. Qxf4 Nc6 28.
Qf5+ Ke7 29. Qh7+ 1-0